Statistics for Percy Jackson Quiz: Gods

Click here to take the quiz!

General Stats

  • This quiz has been taken 483 times
  • The average score is 11 of 15

Answer Stats

Hint Answer % Correct
God of the Underworld (greek form)Hades
100%
God of the Air (greek form)Zeus
98%
Goddess of Wisdom (greek form)Athena
98%
God of War (greek form)Ares
98%
Goddess of Beauty (greek form)Aphrodite
97%
God of the Sea (greek form)Poseidon
96%
Goddess of Marriage (greek form)Hera
94%
God of Wine (greek form)Dionysus
88%
Goddess of the HearthHestia
80%
Goddess of Agriculture (greek form)Demeter
80%
God of Fire (greek form)Hephaestus
75%
Goddess of the Earth (greek form)Gaea
61%
Goddess of Youth (greek form)Hebe
34%
Goddess of Chaos (greek form)Eris
19%
God of the Sky (greek form)Ouranos
15%

Score Distribution

Percentile by Number Answered

Percent of People with Each Score

Your Score History

You have not taken this quiz